[Event "Deutsche Ländermeisterschaft 2025"]
[Site "Oer-Erkenschwick GER"]
[Date "2025.10.05"]
[Round "7"]
[White "Aguike, Toshiya"]
[Black "Dotschuweit, Erik"]
[Result "1-0"]
[Termination "normal"]
[Board "6.5"]
[WhiteElo "1897"]
[BlackElo "1733"]
[WhiteClock "00:10:11"]
[BlackClock "00:15:00"]
[WhiteTeam "Schleswig-Holstein"]
[BlackTeam "Sachsen"]
[PlyCount "73"]
[WhiteFideId "34611347"]
[BlackFideId "34610146"]
[EventCountry "GER"]
[EventRounds "7"]
[EventType "team-swiss"]
[EventDate "2025.09.30"]

1. e4 {[%clk 01:30:53]} {[%emt 00:00:05]} e5 {[%clk 01:30:43]} {[%emt
00:00:18]} 2. Nf3 {[%clk 01:31:10]} {[%emt 00:00:14]} Nc6 {[%clk 01:31:06]}
{[%emt 00:00:07]} 3. Bc4 {[%clk 01:31:32]} {[%emt 00:00:06]} Bc5 {[%clk
01:31:17]} {[%emt 00:00:20]} 4. O-O {[%clk 01:22:51]} {[%emt 00:09:11]} Nf6
{[%clk 01:30:36]} {[%emt 00:01:12]} 5. d4 {[%clk 01:23:05]} {[%emt 00:00:15]}
exd4 {[%clk 01:30:37]} {[%emt 00:00:29]} 6. e5 {[%clk 01:21:09]} {[%emt
00:02:26]} d5 {[%clk 01:30:29]} {[%emt 00:00:39]} 7. exf6 {[%clk 01:21:23]}
{[%emt 00:00:16]} dxc4 {[%clk 01:30:51]} {[%emt 00:00:08]} 8. Qe2+ {[%clk
01:20:12]} {[%emt 00:01:40]} Be6 {[%clk 01:31:10]} {[%emt 00:00:11]} 9. fxg7
{[%clk 01:19:09]} {[%emt 00:01:33]} Rg8 {[%clk 01:31:15]} {[%emt 00:00:26]} 10.
Bg5 {[%clk 01:19:05]} {[%emt 00:00:35]} Qd5 {[%clk 01:30:18]} {[%emt 00:01:26]}
11. Nbd2 {[%clk 01:12:32]} {[%emt 00:07:02]} Rxg7 {[%emt 00:00:59]} 12. Ne4
{[%clk 01:05:17]} {[%emt 00:07:45]} Be7 {[%clk 01:25:50]} {[%emt 00:04:30]} 13.
Bxe7 {[%clk 01:05:33]} {[%emt 00:00:14]} Kxe7 {[%clk 01:25:06]} {[%emt
00:01:14]} 14. Rad1 {[%clk 01:04:10]} {[%emt 00:01:52]} Rag8 {[%clk 01:21:36]}
{[%emt 00:04:00]} 15. Ng3 {[%clk 01:03:10]} {[%emt 00:01:30]} f5 {[%clk
01:17:00]} {[%emt 00:05:07]} 16. Nh4 {[%clk 01:03:00]} {[%emt 00:00:40]} Kd7
{[%clk 01:13:48]} {[%emt 00:03:40]} 17. f3 {[%clk 00:57:27]} {[%emt 00:06:05]}
f4 {[%clk 01:05:27]} {[%emt 00:08:51]} 18. Ne4 {[%clk 00:57:42]} {[%emt
00:00:14]} Ke7 {[%clk 01:04:19]} {[%emt 00:01:38]} 19. Rfe1 {[%clk 00:56:42]}
{[%emt 00:01:28]} Kf7 {[%clk 00:47:48]} {[%emt 00:17:02]} 20. Kh1 {[%clk
00:39:42]} {[%emt 00:17:31]} Re8 {[%clk 00:44:57]} {[%emt 00:03:21]} 21. Qd2
{[%clk 00:30:54]} {[%emt 00:09:19]} Qe5 {[%clk 00:29:02]} {[%emt 00:16:25]} 22.
Nf2 {[%clk 00:24:54]} {[%emt 00:06:30]} Qg5 {[%clk 00:24:31]} {[%emt 00:04:59]}
23. Re4 {[%clk 00:24:41]} {[%emt 00:00:45]} Kg8 {[%clk 00:18:43]} {[%emt
00:06:18]} 24. Qxf4 {[%clk 00:20:19]} {[%emt 00:04:51]} Qxf4 {[%clk 00:18:35]}
{[%emt 00:00:39]} 25. Rxf4 {[%clk 00:20:40]} {[%emt 00:00:09]} Rf7 {[%clk
00:18:17]} {[%emt 00:00:48]} 26. Re4 {[%clk 00:17:41]} {[%emt 00:03:28]} Rfe7
{[%clk 00:18:03]} {[%emt 00:00:45]} 27. Kg1 {[%clk 00:16:38]} {[%emt 00:01:33]}
Nb4 {[%clk 00:16:50]} {[%emt 00:01:43]} 28. Rexd4 {[%clk 00:13:00]} {[%emt
00:04:07]} Nxc2 {[%clk 00:16:45]} {[%emt 00:00:35]} 29. Re4 {[%clk 00:13:03]}
{[%emt 00:00:27]} Bd7 {[%clk 00:15:20]} {[%emt 00:01:55]} 30. Rxd7 {[%clk
00:11:36]} {[%emt 00:01:57]} Rxd7 {[%clk 00:15:42]} {[%emt 00:00:08]} 31. Rxe8+
{[%clk 00:11:58]} {[%emt 00:00:08]} Kf7 {[%clk 00:16:06]} {[%emt 00:00:06]} 32.
Re2 {[%clk 00:11:52]} {[%emt 00:00:36]} Nb4 {[%clk 00:16:24]} {[%emt 00:00:13]}
33. a3 {[%clk 00:11:09]} {[%emt 00:01:13]} Na6 {[%clk 00:15:34]} {[%emt
00:01:19]} 34. Ne4 {[%clk 00:11:08]} {[%emt 00:00:31]} b5 {[%clk 00:15:29]}
{[%emt 00:00:36]} 35. Kf2 {[%clk 00:10:39]} {[%emt 00:00:59]} b4 {[%clk
00:15:38]} {[%emt 00:00:21]} 36. Rc2 {[%clk 00:10:23]} {[%emt 00:00:45]} Rd4
{[%clk 00:15:00]} {[%emt 00:01:08]} 37. Nf5 {[%clk 00:10:11]} {[%emt 00:00:43]}
1-0

[Event "Deutsche Ländermeisterschaft 2025"]
[Site "Oer-Erkenschwick GER"]
[Date "2025.10.05"]
[Round "7"]
[White "Mai, Mariella"]
[Black "Kopylov, Diana"]
[Result "0-1"]
[Termination "normal"]
[Board "6.6"]
[WhiteElo "1748"]
[BlackElo "1836"]
[WhiteClock "00:14:20"]
[BlackClock "00:01:06"]
[WhiteTeam "Sachsen"]
[BlackTeam "Schleswig-Holstein"]
[PlyCount "130"]
[WhiteFideId "16281780"]
[BlackFideId "16268865"]
[EventCountry "GER"]
[EventRounds "7"]
[EventType "team-swiss"]
[EventDate "2025.09.30"]

1. Nf3 {[%clk 01:30:57]} {[%emt 00:00:03]} c5 {[%clk 01:30:23]} {[%emt
00:00:38]} 2. e3 {[%clk 01:30:13]} {[%emt 00:01:12]} Nc6 {[%clk 01:28:04]}
{[%emt 00:02:50]} 3. d4 {[%clk 01:28:44]} {[%emt 00:02:00]} e6 {[%clk
01:23:30]} {[%emt 00:05:03]} 4. Be2 {[%clk 01:22:23]} {[%emt 00:06:51]} d5
{[%clk 01:21:25]} {[%emt 00:02:35]} 5. O-O {[%clk 01:21:28]} {[%emt 00:01:25]}
Nf6 {[%clk 01:20:24]} {[%emt 00:01:31]} 6. b3 {[%clk 01:21:23]} {[%emt
00:00:35]} cxd4 {[%clk 01:18:50]} {[%emt 00:02:04]} 7. exd4 {[%clk 01:21:17]}
{[%emt 00:00:37]} Bd6 {[%clk 01:18:14]} {[%emt 00:01:06]} 8. Bb2 {[%clk
01:21:21]} {[%emt 00:00:25]} O-O {[%clk 01:17:52]} {[%emt 00:00:51]} 9. Nbd2
{[%clk 01:19:04]} {[%emt 00:02:47]} Bd7 {[%clk 01:16:13]} {[%emt 00:02:10]} 10.
a3 {[%clk 01:17:23]} {[%emt 00:02:11]} Rc8 {[%clk 01:15:07]} {[%emt 00:01:37]}
11. Re1 {[%clk 01:11:49]} {[%emt 00:06:04]} Bb8 {[%clk 01:13:49]} {[%emt
00:01:48]} 12. Bd3 {[%clk 01:08:42]} {[%emt 00:03:37]} Qc7 {[%clk 01:11:54]}
{[%emt 00:02:25]} 13. Nf1 {[%clk 01:03:32]} {[%emt 00:05:40]} h6 {[%clk
01:10:34]} {[%emt 00:01:50]} 14. Ng3 {[%clk 01:00:53]} {[%emt 00:03:08]} a6
{[%clk 01:07:04]} {[%emt 00:04:00]} 15. Qd2 {[%clk 00:51:18]} {[%emt 00:10:05]}
Na7 {[%clk 01:03:05]} {[%emt 00:04:30]} 16. Rac1 {[%clk 00:48:45]} {[%emt
00:03:02]} Rfd8 {[%clk 00:48:07]} {[%emt 00:15:28]} 17. Qe2 {[%clk 00:42:38]}
{[%emt 00:06:38]} Qa5 {[%clk 00:42:42]} {[%emt 00:05:54]} 18. Ne5 {[%clk
00:39:47]} {[%emt 00:03:21]} Bb5 {[%clk 00:38:15]} {[%emt 00:04:57]} 19. c4
{[%clk 00:37:10]} {[%emt 00:03:07]} dxc4 {[%clk 00:32:36]} {[%emt 00:06:09]}
20. bxc4 {[%clk 00:37:11]} {[%emt 00:00:29]} Be8 {[%clk 00:31:51]} {[%emt
00:01:15]} 21. Ng4 {[%clk 00:34:42]} {[%emt 00:02:58]} Nxg4 {[%clk 00:27:27]}
{[%emt 00:04:55]} 22. Qxg4 {[%clk 00:35:02]} {[%emt 00:00:10]} Qd2 {[%clk
00:22:09]} {[%emt 00:05:49]} 23. Nh5 {[%clk 00:29:59]} {[%emt 00:05:33]} Qg5
{[%clk 00:17:08]} {[%emt 00:05:31]} 24. Qe2 {[%clk 00:21:28]} {[%emt 00:09:00]}
g6 {[%clk 00:10:49]} {[%emt 00:06:50]} 25. Ng3 {[%clk 00:21:48]} {[%emt
00:00:09]} Bxg3 {[%clk 00:05:49]} {[%emt 00:05:30]} 26. hxg3 {[%clk 00:21:47]}
{[%emt 00:00:31]} Nc6 {[%clk 00:05:40]} {[%emt 00:00:39]} 27. Qe3 {[%clk
00:14:02]} {[%emt 00:08:15]} Qxe3 {[%clk 00:04:44]} {[%emt 00:01:25]} 28. fxe3
{[%clk 00:14:27]} {[%emt 00:00:05]} h5 {[%clk 00:04:06]} {[%emt 00:01:08]} 29.
Kf2 {[%clk 00:13:11]} {[%emt 00:01:46]} Ne5 {[%clk 00:04:04]} {[%emt 00:00:33]}
30. Be2 {[%clk 00:12:28]} {[%emt 00:01:12]} Ng4+ {[%clk 00:04:05]} {[%emt
00:00:29]} 31. Bxg4 {[%clk 00:10:32]} {[%emt 00:02:26]} hxg4 {[%clk 00:04:33]}
{[%emt 00:00:02]} 32. Rh1 {[%clk 00:10:45]} {[%emt 00:00:17]} Kf8 {[%clk
00:02:14]} {[%emt 00:02:50]} 33. e4 {[%clk 00:05:36]} {[%emt 00:05:37]} b5
{[%clk 00:01:21]} 34. Rh8+ {[%emt 00:03:08]} Ke7 {[%emt 00:00:36]} 35. cxb5
{[%clk 00:04:24]} {[%emt 00:00:22]} Rxc1 {[%clk 00:01:19]} {[%emt 00:00:32]}
36. Bxc1 {[%clk 00:04:44]} {[%emt 00:00:10]} axb5 {[%clk 00:01:07]} {[%emt
00:00:42]} 37. Ke3 {[%clk 00:04:10]} {[%emt 00:01:04]} Rc8 {[%clk 00:00:51]}
{[%emt 00:00:45]} 38. Bd2 {[%clk 00:03:00]} {[%emt 00:01:42]} f5 {[%clk
00:00:33]} {[%emt 00:00:48]} 39. e5 {[%clk 00:02:13]} {[%emt 00:01:16]} Kd7
{[%clk 00:00:34]} {[%emt 00:00:29]} 40. Rh7+ {[%clk 00:02:11]} {[%emt
00:00:32]} Kc6 {[%clk 00:00:37]} {[%emt 00:00:28]} 41. Ra7 {[%clk 00:01:00]}
{[%emt 00:01:40]} Kd5 {[%clk 00:26:10]} {[%emt 00:04:57]} 42. Re7 {[%clk
00:28:48]} {[%emt 00:02:42]} Bc6 {[%clk 00:12:14]} {[%emt 00:14:25]} 43. Rg7
{[%clk 00:28:18]} {[%emt 00:01:01]} Be8 {[%clk 00:10:53]} {[%emt 00:01:52]} 44.
Re7 {[%clk 00:28:42]} {[%emt 00:00:06]} Bc6 {[%clk 00:10:54]} {[%emt 00:00:29]}
45. Rg7 {[%clk 00:29:06]} {[%emt 00:00:05]} Re8 {[%clk 00:05:57]} {[%emt
00:05:27]} 46. Kd3 {[%clk 00:27:27]} {[%emt 00:02:09]} Rh8 {[%clk 00:04:35]}
{[%emt 00:01:52]} 47. Rxg6 {[%clk 00:24:01]} {[%emt 00:03:56]} Rh2 {[%clk
00:04:29]} {[%emt 00:00:36]} 48. Rg8 {[%clk 00:23:47]} {[%emt 00:00:44]} Bd7
{[%clk 00:04:01]} {[%emt 00:00:58]} 49. Rd8 {[%clk 00:21:51]} {[%emt 00:02:26]}
Kc6 {[%clk 00:04:16]} {[%emt 00:00:16]} 50. Be1 {[%clk 00:21:02]} {[%emt
00:01:18]} Rxg2 {[%clk 00:04:03]} {[%emt 00:00:42]} 51. Rh8 {[%clk 00:21:09]}
{[%emt 00:00:23]} Ra2 {[%clk 00:03:00]} {[%emt 00:01:34]} 52. Ra8 {[%clk
00:20:35]} {[%emt 00:01:04]} Kb7 {[%clk 00:02:47]} {[%emt 00:00:43]} 53. Ra5
{[%clk 00:20:26]} {[%emt 00:00:39]} Ra1 {[%clk 00:02:32]} {[%emt 00:00:45]} 54.
Bd2 {[%clk 00:18:48]} {[%emt 00:02:08]} Kb6 {[%clk 00:02:21]} {[%emt 00:00:41]}
55. Ra8 {[%clk 00:17:21]} {[%emt 00:01:57]} Bc6 {[%clk 00:01:55]} {[%emt
00:00:56]} 56. Bc3 {[%clk 00:13:43]} {[%emt 00:04:08]} Rg1 {[%clk 00:01:44]}
{[%emt 00:00:41]} 57. Rf8 {[%clk 00:13:52]} {[%emt 00:00:21]} Rxg3+ {[%clk
00:02:00]} {[%emt 00:00:15]} 58. Kd2 {[%clk 00:14:21]} {[%emt 00:00:01]} Be4
{[%clk 00:01:21]} {[%emt 00:01:09]} 59. Bb2 {[%clk 00:14:06]} {[%emt 00:00:45]}
Rb3 {[%clk 00:00:57]} {[%emt 00:00:53]} 60. Kc1 {[%clk 00:14:30]} {[%emt
00:00:07]} g3 {[%clk 00:01:02]} {[%emt 00:00:25]} 61. Rf6 {[%clk 00:14:05]}
{[%emt 00:00:55]} Bd5 {[%clk 00:01:12]} {[%emt 00:00:20]} 62. Rg6 {[%clk
00:14:13]} {[%emt 00:00:22]} g2 {[%clk 00:01:27]} {[%emt 00:00:15]} 63. Kc2
{[%clk 00:14:26]} {[%emt 00:00:17]} Rh3 {[%clk 00:01:19]} {[%emt 00:00:37]} 64.
Bc1 {[%clk 00:14:32]} {[%emt 00:00:25]} Rh1 {[%clk 00:00:55]} {[%emt 00:00:54]}
65. Be3 {[%clk 00:14:20]} {[%emt 00:00:42]} f4 {[%clk 00:01:06]} {[%emt
00:00:20]} 0-1

[Event "Deutsche Ländermeisterschaft 2025"]
[Site "Oer-Erkenschwick GER"]
[Date "2025.10.05"]
[Round "7"]
[White "Margaryan, Susanna"]
[Black "Glotz, Diana"]
[Result "0-1"]
[Termination "normal"]
[Board "6.7"]
[WhiteElo "1750"]
[BlackElo "1692"]
[WhiteClock "00:18:22"]
[BlackClock "00:18:31"]
[WhiteTeam "Schleswig-Holstein"]
[BlackTeam "Sachsen"]
[PlyCount "104"]
[WhiteFideId "16268210"]
[BlackFideId "16278500"]
[EventCountry "GER"]
[EventRounds "7"]
[EventType "team-swiss"]
[EventDate "2025.09.30"]

1. d4 {[%clk 01:30:55]} {[%emt 00:00:05]} d5 {[%clk 01:30:21]} {[%emt
00:00:38]} 2. c4 {[%clk 01:31:20]} {[%emt 00:00:06]} e6 {[%clk 01:30:46]}
{[%emt 00:00:05]} 3. Nc3 {[%clk 01:31:41]} {[%emt 00:00:08]} Nf6 {[%clk
01:31:08]} {[%emt 00:00:08]} 4. Nf3 {[%clk 01:31:52]} {[%emt 00:00:19]} c6
{[%clk 01:31:17]} {[%emt 00:00:21]} 5. Bg5 {[%emt 00:00:30]} Nbd7 {[%clk
01:31:11]} {[%emt 00:00:27]} 6. e3 {[%clk 01:30:47]} {[%emt 00:01:45]} a6
{[%clk 01:30:47]} {[%emt 00:00:54]} 7. Be2 {[%clk 01:29:54]} {[%emt 00:01:22]}
Be7 {[%clk 01:26:38]} {[%emt 00:04:39]} 8. Qc2 {[%clk 01:28:30]} {[%emt
00:01:54]} dxc4 {[%clk 01:26:34]} {[%emt 00:00:34]} 9. Bxc4 {[%clk 01:28:35]}
{[%emt 00:00:24]} b5 {[%clk 01:26:52]} {[%emt 00:00:12]} 10. Be2 {[%clk
01:27:49]} {[%emt 00:01:16]} c5 {[%clk 01:26:49]} {[%emt 00:00:33]} 11. a3
{[%clk 01:23:35]} {[%emt 00:04:44]} Bb7 {[%clk 01:24:37]} {[%emt 00:02:42]} 12.
O-O {[%clk 01:23:22]} {[%emt 00:00:44]} O-O {[%clk 01:22:07]} {[%emt 00:03:00]}
13. Rfd1 {[%clk 01:16:51]} {[%emt 00:07:00]} Qc7 {[%clk 01:12:22]} {[%emt
00:10:14]} 14. Rac1 {[%clk 01:13:58]} {[%emt 00:03:25]} cxd4 {[%clk 01:09:04]}
{[%emt 00:03:48]} 15. Nxd4 {[%clk 01:13:21]} {[%emt 00:01:06]} h6 {[%clk
01:03:10]} {[%emt 00:06:24]} 16. Bh4 {[%clk 01:03:58]} {[%emt 00:09:53]} Rac8
{[%clk 00:53:27]} {[%emt 00:10:13]} 17. Qd2 {[%clk 01:02:55]} {[%emt 00:01:33]}
Qb8 {[%clk 00:46:08]} {[%emt 00:07:48]} 18. Bg3 {[%clk 01:00:25]} {[%emt
00:03:01]} Qa8 {[%clk 00:45:46]} {[%emt 00:00:52]} 19. Bf3 {[%clk 01:00:28]}
{[%emt 00:00:27]} Rfd8 {[%clk 00:44:21]} {[%emt 00:01:55]} 20. Qe2 {[%clk
00:58:28]} {[%emt 00:02:30]} Nb6 {[%clk 00:41:05]} {[%emt 00:03:46]} 21. b4
{[%clk 00:42:00]} {[%emt 00:16:58]} Nc4 {[%clk 00:36:09]} {[%emt 00:05:27]} 22.
Nb1 {[%clk 00:35:24]} {[%emt 00:07:06]} Bxf3 {[%clk 00:32:22]} {[%emt
00:04:16]} 23. gxf3 {[%clk 00:33:31]} {[%emt 00:02:23]} Nh5 {[%clk 00:26:35]}
{[%emt 00:06:16]} 24. Rc2 {[%clk 00:29:07]} {[%emt 00:04:55]} Nxg3 {[%clk
00:23:11]} {[%emt 00:03:55]} 25. hxg3 {[%clk 00:28:30]} {[%emt 00:01:07]} Qb7
{[%clk 00:22:16]} {[%emt 00:01:22]} 26. Kh2 {[%clk 00:23:23]} {[%emt 00:05:39]}
Bf6 {[%clk 00:16:36]} {[%emt 00:06:09]} 27. f4 {[%clk 00:20:10]} {[%emt
00:03:44]} Bxd4 {[%clk 00:11:49]} {[%emt 00:05:17]} 28. exd4 {[%clk 00:20:26]}
{[%emt 00:00:15]} Rd7 {[%clk 00:11:35]} {[%emt 00:00:44]} 29. Rc3 {[%clk
00:18:04]} {[%emt 00:02:52]} Rcd8 {[%clk 00:11:29]} {[%emt 00:00:35]} 30. Rcd3
{[%clk 00:13:52]} {[%emt 00:04:42]} Qa7 {[%clk 00:09:45]} {[%emt 00:02:13]} 31.
f5 {[%clk 00:13:14]} {[%emt 00:01:10]} exf5 {[%clk 00:08:45]} {[%emt 00:01:30]}
32. d5 {[%clk 00:13:17]} {[%emt 00:00:26]} Qb7 {[%clk 00:08:48]} {[%emt
00:00:26]} 33. Nc3 {[%clk 00:08:05]} {[%emt 00:05:43]} Nxa3 {[%clk 00:05:40]}
{[%emt 00:03:38]} 34. Rd4 {[%clk 00:05:03]} {[%emt 00:03:32]} Nc4 {[%clk
00:05:03]} {[%emt 00:01:07]} 35. R1d3 {[%clk 00:04:17]} {[%emt 00:01:16]} Rd6
{[%clk 00:03:18]} {[%emt 00:02:14]} 36. Rf4 {[%clk 00:03:48]} {[%emt 00:01:01]}
g6 {[%clk 00:03:11]} {[%emt 00:00:36]} 37. g4 {[%clk 00:03:57]} {[%emt
00:00:21]} fxg4 {[%clk 00:03:20]} {[%emt 00:00:22]} 38. Ne4 {[%clk 00:04:04]}
{[%emt 00:00:23]} Rb6 {[%clk 00:02:59]} {[%emt 00:00:50]} 39. Nf6+ {[%clk
00:03:24]} {[%emt 00:01:11]} Kg7 {[%clk 00:03:14]} {[%emt 00:00:15]} 40. Ne8+
{[%clk 00:03:10]} {[%emt 00:00:44]} Kf8 {[%clk 00:00:34]} {[%emt 00:03:11]} 41.
Nf6 {[%clk 00:03:03]} {[%emt 00:00:36]} Kg7 {[%clk 00:00:48]} {[%emt 00:00:16]}
42. Ne8+ {[%clk 00:02:41]} {[%emt 00:00:53]} Kf8 {[%clk 00:28:24]} {[%emt
00:02:53]} 43. Nf6 {[%clk 00:29:53]} {[%emt 00:03:18]} Qc7 {[%clk 00:26:29]}
{[%emt 00:02:24]} 44. d6 {[%clk 00:27:14]} {[%emt 00:03:10]} Rbxd6 {[%clk
00:26:24]} {[%emt 00:00:35]} 45. Rxd6 {[%clk 00:26:17]} {[%emt 00:01:27]} Qxd6
{[%clk 00:26:00]} {[%emt 00:00:55]} 46. Qxg4 {[%clk 00:25:55]} {[%emt
00:00:51]} Ne5 {[%clk 00:24:10]} {[%emt 00:02:19]} 47. Nh7+ {[%clk 00:23:39]}
{[%emt 00:02:47]} Kg7 {[%clk 00:24:06]} {[%emt 00:00:34]} 48. Qg3 {[%clk
00:23:40]} {[%emt 00:00:29]} Kxh7 {[%clk 00:23:34]} {[%emt 00:01:02]} 49. Kg2
{[%clk 00:23:36]} {[%emt 00:00:35]} Rd7 {[%clk 00:21:51]} {[%emt 00:02:12]} 50.
Re4 {[%clk 00:20:54]} {[%emt 00:03:12]} Nc6 {[%clk 00:19:23]} {[%emt 00:02:59]}
51. Qa3 {[%clk 00:20:14]} {[%emt 00:01:09]} Qd5 {[%clk 00:18:38]} {[%emt
00:01:15]} 52. Qf3 {[%clk 00:18:22]} {[%emt 00:02:22]} f5 {[%clk 00:18:31]}
{[%emt 00:00:37]} 0-1

[Event "Deutsche Ländermeisterschaft 2025"]
[Site "Oer-Erkenschwick GER"]
[Date "2025.10.05"]
[Round "7"]
[White "Lange, Lene Marie"]
[Black "Vasilieva, Sophie Victoria"]
[Result "0-1"]
[Termination "normal"]
[Board "6.8"]
[WhiteElo "1600"]
[BlackElo "1488"]
[WhiteClock "00:28:24"]
[BlackClock "00:51:16"]
[WhiteTeam "Sachsen"]
[BlackTeam "Schleswig-Holstein"]
[PlyCount "54"]
[WhiteFideId "34639748"]
[BlackFideId "533007071"]
[EventCountry "GER"]
[EventRounds "7"]
[EventType "team-swiss"]
[EventDate "2025.09.30"]

1. d4 {[%clk 01:30:56]} {[%emt 00:00:04]} d5 {[%clk 01:30:33]} {[%emt
00:00:26]} 2. Bf4 {[%clk 01:31:13]} {[%emt 00:00:14]} Nf6 {[%clk 01:30:31]}
{[%emt 00:00:30]} 3. Nf3 {[%clk 01:31:16]} {[%emt 00:00:28]} Bf5 {[%clk
01:29:59]} {[%emt 00:01:01]} 4. Nbd2 {[%clk 01:29:59]} {[%emt 00:01:48]} e6
{[%clk 01:28:42]} {[%emt 00:01:46]} 5. e3 {[%clk 01:29:28]} {[%emt 00:01:01]}
Nbd7 {[%clk 01:27:09]} {[%emt 00:02:03]} 6. Be2 {[%clk 01:25:42]} {[%emt
00:04:18]} Be7 {[%clk 01:25:29]} {[%emt 00:02:05]} 7. c3 {[%clk 01:23:20]}
{[%emt 00:02:56]} c6 {[%emt 00:02:09]} 8. Qb3 {[%clk 01:21:35]} {[%emt
00:02:13]} Qb6 {[%clk 01:23:45]} {[%emt 00:00:32]} 9. Ne5 {[%clk 01:20:41]}
{[%emt 00:01:29]} Qxb3 {[%clk 01:22:25]} {[%emt 00:01:49]} 10. Nxb3 {[%clk
01:21:03]} {[%emt 00:00:09]} Nxe5 {[%clk 01:21:03]} {[%emt 00:01:52]} 11. Bxe5
{[%clk 01:21:00]} {[%emt 00:00:33]} O-O {[%clk 01:19:52]} {[%emt 00:01:40]} 12.
O-O {[%clk 01:18:21]} {[%emt 00:03:10]} Rac8 {[%clk 01:09:53]} {[%emt
00:10:13]} 13. Bxf6 {[%clk 01:17:59]} {[%emt 00:01:07]} Bxf6 {[%clk 01:10:01]}
{[%emt 00:00:20]} 14. Nc5 {[%clk 01:17:40]} {[%emt 00:00:50]} Rc7 {[%clk
01:08:31]} {[%emt 00:01:59]} 15. f3 {[%clk 01:13:14]} {[%emt 00:04:58]} b6
{[%clk 01:04:40]} {[%emt 00:04:20]} 16. Nb3 {[%clk 01:10:55]} {[%emt 00:02:50]}
c5 {[%clk 01:04:03]} {[%emt 00:01:06]} 17. dxc5 {[%clk 01:07:00]} {[%emt
00:04:26]} bxc5 {[%clk 01:03:50]} {[%emt 00:00:42]} 18. Nd2 {[%clk 01:04:23]}
{[%emt 00:03:08]} Rd8 {[%clk 01:02:47]} {[%emt 00:01:25]} 19. e4 {[%clk
01:02:17]} {[%emt 00:02:43]} Bg6 {[%clk 01:01:56]} {[%emt 00:01:18]} 20. Rad1
{[%clk 01:00:54]} {[%emt 00:01:55]} Rb7 {[%clk 00:55:47]} {[%emt 00:06:35]} 21.
Rb1 {[%clk 00:56:51]} {[%emt 00:04:39]} Rdb8 {[%clk 00:55:46]} {[%emt
00:00:27]} 22. exd5 {[%clk 00:47:12]} {[%emt 00:10:12]} exd5 {[%clk 00:55:38]}
{[%emt 00:00:38]} 23. Ba6 {[%clk 00:46:59]} {[%emt 00:00:44]} Rb6 {[%clk
00:53:57]} {[%emt 00:02:07]} 24. Rbe1 {[%clk 00:42:33]} {[%emt 00:04:59]} Rxa6
{[%clk 00:53:45]} {[%emt 00:00:42]} 25. a3 {[%clk 00:42:11]} {[%emt 00:00:53]}
h6 {[%clk 00:53:28]} {[%emt 00:00:45]} 26. b4 {[%clk 00:30:30]} {[%emt
00:12:13]} cxb4 {[%clk 00:52:11]} {[%emt 00:01:47]} 27. axb4 {[%clk 00:28:24]}
{[%emt 00:02:35]} Bxc3 {[%clk 00:51:16]} {[%emt 00:01:25]} 0-1